| 000 | 00666nam a2200193 i 4500 | ||
|---|---|---|---|
| 001 | 36736 | ||
| 003 | ES-MaACL | ||
| 005 | 20251001201405.0 | ||
| 007 | t| | ||
| 008 | 201110s1862 fr ||||1| fre d | ||
| 080 | _a327(45)"18" | ||
| 245 | 0 | 3 |
_aLa question romaine au Corps législatif / _cdiscours de MM. Jules Favre, Jérôme David, Keller, Émile Ollivier, Koenigswarter, Billault, Plichon, Verrier, etc. ; Corps législatif, session de 1862. |
| 260 |
_aParis : _bPoulet-Malassis, _c1862. |
||
| 300 | _a93 p. | ||
| 650 | 4 |
_aCuestión romana. _9149871 |
|
| 700 | 1 |
_aFavre, Jules, _d1809-1880 _948999 |
|
| 852 | 4 |
_aES-MaACL _jT-88-F-3 |
|
| 999 |
_c36736 _d36736 |
||